01445nam a2200241Ia 4500001001100000003001000011008004100021040002500062041001300087100003000100245007200130250001100202260009100213300001200304500026000316501011400576520026000690650003600950942000700986957000600993999004200999952016201041L200-53310IT-CnALBA170116s9999||||xx |||||||||||||| ||und|| aIT-CnALBAcIT-CnALBA aITALIANO aTETTAMANZI DIONIGI, MONS. 0aIL TEMPO DELLA CONVERSIONE DEL CUORE. MEDITAZIONE SULLA QUARESIMA.  a1a ed. aCASALE MONFERRATO (AL)bPIEMME EDIZIONIc2000 [1° Ed.:1999 - Ed.Ling.Originale: 1999] a140 p.  aRISCOPERTA QUARESIMA. ASCOLTO PREGHIERA. INCONTRO PAROLA. RICONCILIZIONE. VITA SOBRIA E AUSTERA. CAROTA' CONVENZIONALE. VANGELO. VITA DELLA PAROLA. GIOIA E MESSAGGIO PER LA QUARESIMA. CHIESA DI GENOVA. SGUARDO SU CRISTO. INCROCIO DI DUE SGUARDI. L'OGGI DE aSocietà San Paolo EM - Piazza San Paolo, 14 - 12051 ALBA (CN) (non commercial uses only) ® Copyright 2017 aRISCOPERTA QUARESIMA. ASCOLTO PREGHIERA. INCONTRO PAROLA. RICONCILIZIONE. VITA SOBRIA E AUSTERA. CAROTA' CONVENZIONALE. VANGELO. VITA DELLA PAROLA. GIOIA E MESSAGGIO PER LA QUARESIMA. CHIESA DI GENOVA. SGUARDO SU CRISTO. INCROCIO DI DUE SGUARDI. L'OGGI DE aRELIGIONE - RELIGIONE CRISTIANA cBK 71 a70800bNOg Copie: 1 c312191d312191 0010406L_2005331071aALBAbALBAd2017-01-16l0oL200-53310r2017-01-16 00:00:00w2017-01-16yBKz(data import: 16 gennaio 2017) - By Epidotti, Vaglietti.